| 000 | 00950nam a22002777a 4500 | ||
|---|---|---|---|
| 999 |
_c392464 _d392464 |
||
| 003 | BLK | ||
| 005 | 20250628164911.0 | ||
| 008 | 201217b bu ||||| |||| 00| 0 bu d | ||
| 020 | _a9789542833055 | ||
| 040 | _aBLK | ||
| 041 |
_aBUL _cBUL |
||
| 080 |
_aАмериканска литература (на САЩ) _b821.111(73) _z-31 _x821.111(73)-31 |
||
| 100 |
_aАдамс, Тейлър _eпърви автор _91299 |
||
| 139 |
_aАдамс, Тейлър _bА 28 |
||
| 245 |
_aИзстрел _cТейлър Адамс; прев. Камен Велчев |
||
| 260 |
_9217021 _aСофия _bСиела Норма _c2020 _n978-954-28- |
||
| 300 |
_a296 с. _c21 см |
||
| 380 | _aX | ||
| 700 |
_aВелчев, Камен Петков _d1974 - _9333727 |
||
| 852 |
_bП _c821-31/А 28 Т |
||
| 856 |
_i0.00 _ldisable |
||
| 942 |
_cKNG _n0 _059 _s1 |
||
| 944 |
_aCR _c2020-12-17 _k30570 _lМоника Янева |
||
| 999 | _d392464 | ||
| 999 | _d392464 | ||